| 000 | 00973nmc a2200313 a 4500 | ||
|---|---|---|---|
| 003 | AR-BaBNM | ||
| 005 | 20251128211730.0 | ||
| 008 | 236020s1977 ||||||||||||||000 | spa|| | ||
| 040 | _cAR-BaBNM | ||
| 245 | 1 | 0 | _aEl cuento inglés |
| 260 |
_aBuenos Aires _bCentro Editor de América Latina _c1977 |
||
| 300 | 0 | _a203 p. | |
| 490 | 0 |
_aBiblioteca total. Panoramas de la literatura _vv. 27 |
|
| 505 |
_tCuento del capellán de monjas _rChaucer, Geoffrey |
||
| 505 |
_tEl señalero _rDickens, Charles |
||
| 505 |
_tEl fantasma de Canterville _rWilde, Oscar |
||
| 505 |
_tLa ventana abierta _rSaki |
||
| 505 |
_tLos idiotas _rConrad, Joseph |
||
| 505 |
_tEl rey de Kafiristán _rKipling, Rudyard |
||
| 505 |
_tFelicidad _rMansfield, Katherine |
||
| 505 |
_tEl gong _rPowys, T.F. |
||
| 650 | 4 | _aLITERATURA INGLESA | |
| 650 | 4 | _aANTOLOGIAS | |
| 650 | 4 | _aCUENTOS | |
| 655 | _aLITERATURA | ||
| 700 | 1 |
_aErhart, Virginia _ecompilador |
|
| 942 | _cBK | ||
| 998 | _cmartin | ||
| 999 |
_c20876 _d20876 |
||